Alcoholism and Drug Addiction (Record no. 2882)

MARC details
000 -LEADER
fixed length control field 00418nam a22001457a 4500
008 - FIXED-LENGTH DATA ELEMENTS--GENERAL INFORMATION
fixed length control field 250404b |||||||| |||| 00| 0 eng d
020 ## - INTERNATIONAL STANDARD BOOK NUMBER
ISBN 9780443030928
100 ## - MAIN ENTRY--AUTHOR
Author Raistrick Duncan
245 ## - TITLE STATEMENT
Title Alcoholism and Drug Addiction
260 ## - PUBLICATION, DISTRIBUTION, ETC. (IMPRINT)
Place of publication New York
Name of publisher Churchill Livingstone medical division of longman group limited
Date of publication 1985
300 ## - COLLATION
Pagination 198p
650 ## - TRACINGS
Main Subject Alcoholism
Subdivision (1st) Drug Abuse
942 ## - ADDED ENTRY ELEMENTS (KOHA)
Item type Books
050 ## - LIBRARY OF CONGRESS CALL NUMBER
Classification number RC565
Item number .R26
Holdings
Source of classification or shelving scheme Not for loan Permanent location Current location Date acquired Accession No. Full call number Barcode. Koha item type
Library of Congress Classification   Medical Library Medical Library 04/04/2025 2024/63048 RC565.R26 2025-1222 Books